English Language and Literature techniques #1 Grammar - Statistics

General Stats
  • This quiz has been taken 1,131 times
  • The average score is 5 of 14
Answer Stats
Hint Answer % Correct
Traditionally known as describing words, they provide extra information about nouns by giving details of physical qualities like colour and shape, and of psychological qualities like emotions Adjective
97%
Are modifying words. They can modify the meaning of verbs, adjectives or other adverbs (e.g. gently, very, fortunately). Adverb
90%
Word indicating action or state: a word used to show that an action is taking place or to indicate the existence of a state or condition, or the part of speech to which such a word belongs Verbs
57%
Replace nouns: she gave it to him. First person plural pronouns such as ‘us’ and ‘we’ give texts an inclusive feel. They help to establish a shared sense of identity. Pronouns
46%
Refer to specific people and places - usually begin with a capital letter Proper Noun
45%
Of a verb is the ‘root’ of the verb (i.e. without any endings for tense or person). It usually includes ‘to’ (e.g. to run, to laugh). Infinitives
44%
Words which express the best or worst of something. They often end in ‘est’ or have ‘most’ or ‘least’ before them, e.g. ‘highest’, ‘happiest’, ‘most beautiful’. Used to emphasise the extremes. Often found in advertisements for their persuasive effect. Superlatives
29%
A verb that cannot take an object e,g. Mary fell (the verb to fall cannot take an object). Intransitive Verb
19%
A verb that must take an object. E.g. Mary makes…tea (the listener needs to know what Mary makes). Transitive Verbs
15%
Are used to help the main verb; another verb is always needed. Can, will, shall, may, could, would, should, might, must, ought to Modal Verbs (auxiliaries)
12%
Refer to things that exist physically and abstract nouns refer to ideas, feelings and qualities e.g. justice, friendship, democracy. Concrete Nouns
11%
These are words that describe the head word or give more information about it. If they come before the head word they are pre-modifiers: ‘The scruffy dog’ and if they come after the head word they are called post-modifiers: ‘The dog across the street...’.Modifiers enrich description and may create a certain atmosphere. Modifiers
10%
Express a wide range of actions which are usually physical e.g. jump, run, stare, dance. Dynamic Verb
2%
Express states of being or processes in which there is no obvious action; they are not often used as commands and do not usually occur after the verb to be with an –ing ending: to know, to believe, to remember, to realise, to suppose, to appear. Stative Verbs
2%
No matching quizzes found
Score Distribution
Percent of People with Each Score
Percentile by Number Answered
Your Score History
You have not taken this quiz